| 000 | 00601cam a2200229ua 4500 | ||
|---|---|---|---|
| 020 | _c70.00 | ||
| 041 |
_aeng _h |
||
| 082 |
_a532 _bABD/HY |
||
| 100 | _aAbdulla, Shariff . | ||
| 245 |
_aHydraulics and fluid mechanics and hydraulics machinery / _cAbdulla Shariff. _hTextual Documents |
||
| 250 |
_a1 / _b. |
||
| 260 |
_aNew Delhi : _bDhanpat Rai Publishing Co. Pvt. Ltd. , _c1989. |
||
| 300 | _a332 ; . | ||
| 365 | _a70.00 | ||
| 500 | _a*CSS | ||
| 504 | _a | ||
| 700 | 1 | _aSharrif, N A . | |
| 700 | 1 | _aSharriff, F A. | |
| 942 | _cBK | ||
| 999 |
_c7403 _d7403 |
||